Who's Writing Green Eggs and Ham? Quiz Stats

Quiz Updated Nov 19, 2015

Challenge
Share
Tweet
Embed
Score 0/16 Timer 08:00
1 Play Today
% Correct
Charles Dickens
89.1%
William Shakespeare
63.6%
ee cummings
60.5%
Geoffrey Chaucer
47%
Emily Dickinson
40.2%
Harper Lee
39%
George Orwell
35.6%
Leo Tolstoy
31.6%
% Correct
Robert Frost
29.6%
William Carlos Wiliams
27.9%
Ernest Hemingway
26%
Alfred, Lord Tennyson
23.7%
William Faulkner
21.9%
Jane Austen
21%
Herman Melville
17.7%
F. Scott Fitzgerald
15.5%

You're not logged in!

Compare scores with friends on all Sporcle quizzes.
Join for Free
OR
Log In

You Might Also Like...

Show Comments

Extras

Top Quizzes Today


Score Distribution

Your Account Isn't Verified!

In order to create a playlist on Sporcle, you need to verify the email address you used during registration. Go to your Sporcle Settings to finish the process.

Report this User

Report this user for behavior that violates our Community Guidelines.

Details: